000 00804nam a2200217 4500
005 20090922113634.0
008 700624s1969 ii b 000 0 eng
010 _aB-358134
020 _a8178123401
_c30.00
035 _aB-358134
037 _bDBAD / PUB
040 _adpl
_bEnglish
082 _a921
245 _aReader's delight biography of Rabindranath Tagore
260 _aNew Delhi
_bReader's Delight
_c(200?)
270 _a12-H, New Daryaganj Road, Opp. Traffic Kotwali,
_bNew Delhi
_e110002
300 _a55p.
_c22cm(pbk)
650 _aTagore, Rabindranath,
_d1861-1941
_xBiography
942 _2ddc
_cCH
_h921
_mTAG
999 _c30535
_d30535